| 000 | 00916cam a2200265 a 4500 | ||
|---|---|---|---|
| 001 | 1629629 | ||
| 005 | 20180216034002.0 | ||
| 008 | 950328s1993 enka b 101 0 eng d | ||
| 010 | _a 95232664 | ||
| 015 | _aGB95-31759 | ||
| 020 | _a0521476216 (pbk) | ||
| 035 | _a(OCoLC)32388560 | ||
| 040 |
_aUk _cUk _dIDeKN _dDLC |
||
| 041 | _aeng | ||
| 042 | _alccopycat | ||
| 080 | _a574.192482 het | ||
| 082 | 0 | 0 |
_a574.192482 het _220 |
| 100 | _a9 | ||
| 101 | _anut | ||
| 245 | 1 | 4 |
_aThe biology of fructans : _cedited by J. F. Farrar and C. J. Pollock. |
| 504 | _aIncludes bibliographical references and indexes. | ||
| 906 |
_a7 _bcbc _ccopycat _d2 _encip _f19 _gy-gencatlg |
||
| 942 |
_2ddc _cBK |
||
| 999 |
_c42733 _d42733 |
||